00340nam a2200121Ia 4500008004100000020001400041050001500055100002000070245005000090260004100140300002400181650001300205150202s9999 xx 000 0 und d a373057857 aFIC bFIC  aJohnston, Joan. 4aThe cowboy and the princess /cJoan Johnston. aNew York :bSilhouette Books,c1993. a188 pages :c18 cm. aFiction.